logo

Bir Sreshtho Munshi Abdur Rouf Library
Jhenaidah Cadet College

নিউরনে আবারো অনুরণন / (Record no. 10936)

MARC details
000 -LEADER
fixed length control field 00834nam a2200241 a 4500
001 - CONTROL NUMBER
JCCL Control Number 10936
003 - CONTROL NUMBER IDENTIFIER
JCCL marc code BD-JhCC
005 - DATE AND TIME OF LATEST TRANSACTION
control field 20191031134007.0
008 - FIXED-LENGTH DATA ELEMENTS--GENERAL INFORMATION
fixed length control field 190529b20192010bd ||||| a||| 00| 0 eng d
020 ## - INTERNATIONAL STANDARD BOOK NUMBER
International Standard Book Number 9847009601262
035 ## - SYSTEM CONTROL NUMBER
system control number (BD-JhCC)10936
040 ## - CATALOGING SOURCE
Original cataloging agency BD-JhCC
Modifying agency BD-JhCC
041 ## - LANGUAGE CODE
Language code of Book ben
082 ## - DEWEY DECIMAL CLASSIFICATION NUMBER
Author mark and Year IQB 2019
Classification number 510
100 ## - MAIN ENTRY--PERSONAL NAME
Personal name ইকবাল, মুহাম্মদ জাফর
245 ## - TITLE STATEMENT
Title নিউরনে আবারো অনুরণন /
Statement of responsibility, etc মুহাম্মদ জাফর ইকবাল এবং মোহাম্মদ কায়কোবাদ
260 ## - PUBLICATION, DISTRIBUTION, ETC. (IMPRINT)
Place of publication, distribution, etc ঢাকা:
Name of publisher, distributor, etc তাম্রলিপি;
Date of publication, distribution, etc 2019.
300 ## - PHYSICAL DESCRIPTION
Pagination 159 p.:
Other physical details ill,:
Dimensions 22 cm.
650 ## - SUBJECT ADDED ENTRY--TOPICAL TERM
Topical term or geographic name as entry element Mathematics
700 ## - ADDED ENTRY--PERSONAL NAME
Personal name কায়কোবাদ, মোহাম্মদ
942 ## - ADDED ENTRY ELEMENTS (KOHA)
Source of classification or shelving scheme Dewey Decimal Classification
Koha item type Books
Koha issues (borrowed), all copies 2
Holdings
Source of classification or shelving scheme Damaged status Not for loan Home library Current library Shelving location Date of accession Cost, normal purchase price Total Checkouts Full call number Barcode Date last seen Date checked out Copy number Koha item type
Dewey Decimal Classification     JCC Rouf Library JCC Rouf Library General Stacks 06/12/2019 190.00 1 510 IQB 2019 14801 07/31/2023 06/19/2023 C-1 Books
Dewey Decimal Classification     JCC Rouf Library JCC Rouf Library General Stacks 06/08/2019 197.00 2 510 IQB 2019 15402 12/07/2023 11/27/2023 C-2 Books

JCC Library | Contacts | JCC Home

Last Update on 23 September 2017
Copyright @ 2017-2020 JCC Rouf Library
Rouf Library, Jhenidah Cadet College (JCC), Bangladesh